| 000 | 00566nam a22001937a 4500 | ||
|---|---|---|---|
| 005 | 20260120154923.0 | ||
| 010 | _aENG-147541 | ||
| 020 |
_c400.00 _a9789382878155 |
||
| 035 | _aEN-131073 | ||
| 037 |
_bDBAD _aDPL |
||
| 082 |
_a551.80223 _24 |
||
| 100 |
_aRoy, Asit K. _986667 |
||
| 245 |
_aIntroduction to Geological Maps and Structures/ _cAsit K. Roy |
||
| 250 | _a4 | ||
| 260 |
_b The World Press Pvt Ltd, _aKolkata _c2017 |
||
| 270 |
_a37A College Street _bKolkata _e700073 |
||
| 300 |
_a236p. _c26cm(pb) |
||
| 942 |
_2ddc _cEN _h551.80223 _mROY |
||
| 999 |
_c214337 _d214337 |
||